Statystyki dla Piłkarskie Legendy

Kliknij tutaj aby rozwiązać quiz!

Ogólne statystyki

  • Ten quiz został rozwiązany 19 130 razy
  • Średni wynik to 7 z 11

Statystyki odpowiedzi

HintOdpowiedź% Poprawnych
Były kapitan FC Barcelony, hiszpański obrońca.Puyol
92%
Brazylijski lewy obrońca. Znany głownie z gry dla Realu Madryt oraz z niebywałej siły w nodze. Rekordowa prędkość jaką nadał piłce wyniosła aż 179 km/h.Carlos
84%
Portugalczyk, dla jednych wybitny piłkarz dla drugich zdrajca. Grał dla takich klubów jak Sporting, Real Madryt, FC Barcelony i Inter Mediolan.Figo
80%
Niemiecki piłkarz polskiego pochodzenia. Grał on w sumie dla pięciu klubów. Karierę zakończył w 2016 roku.Klose
79%
Przywódca Ac Milanu. Włoch który rozegrał dla tego klubu 647 meczów.Maldini
77%
Piłkarz pochodzenia serbskiego. Głównie kojarzony z gry dla Manchesteru United. "Nie bał się włożyć głowy tam gdzie inni bali się włożyć stopę."Vidic
75%
Legenda Juventusu strzelił dla nich 208 bramek.Del Piero
68%
Uważany za najlepszego bramkarza w historii. Całą karierę spędził grając tylko dla jednego klubu.Lev Yashin
56%
Piłkarz który reprezentował barwy szesnastu klubów. Mimo to najbardziej znany dzięki grze dla reprezentacji Brazylii. Zdobywca złotej piłki w 1999 rokuRivaldo
52%
Argentyńczyk który reprezentował osiem klubów głównie włoskich lecz miał on też pięcioletnią przygodę w Chelsea.Crespo
34%
Niemiecki bramkarz urodzony w 1923 roku. Podczas drugiej wojny światowej dołączył do luftwaffe. Brał on udział na obydwóch frontach. W 1949 roku niemiecki zawodnik przeszedł do Manchesteru City. Podczas meczu finałowego o Puchar Anglii w 1956 roku w 17 minucie doznał on kontuzji (wybicie 5 kręgów szyjnych) mimo to rozegrał on pełne 90 minut.Trautmann
8%

Rozkład punktacji

Percentyl według liczby udzielonych odpowiedzi

Procent ludzi z każdym wynikiem

Twoja historia wyników

Nie rozwiązałeś tego quizu